Nové formy online reklamy a ich perspektíva diplomová práca

Salvato in:
Dettagli Bibliografici
Autore principale: Ivicsics, Marek
Ente Autore: Obchodná fakulta EU. Katedra marketingu
Altri autori: Miklošík, Andrej
Natura: Libro
Lingua:slovacco
Pubblicazione: Bratislava 2010
Tags: Aggiungi Tag
Nessun Tag, puoi essere il primo ad aggiungerne!!

MARC

LEADER 00000nam$a2200000$$$4500
001 0121593
005 20240318122919.3
041 0 |a slo 
044 |a SK 
245 1 0 |a Nové formy online reklamy a ich perspektíva  |b diplomová práca  |c Marek Ivicsics ; škol. Andrej Miklošík 
264 1 |a Bratislava  |c 2010 
300 |a 65 s. 
100 1 |a Ivicsics, Marek 
700 1 |a Miklošík, Andrej 
710 2 |a Obchodná fakulta EU. Katedra marketingu